书目信息 |
| 题名: |
神性与人性:上帝观的早期演进
|
|
| 作者: | 翁绍军 著 | |
| 分册: | ||
| 出版信息: | 上海 上海人民出版社 1999.04 |
|
| 页数: | 334页 | |
| 开本: | 32开 | |
| 丛书名: | ||
| 单 册: | ||
| 中图分类: | B82-061 | |
| 科图分类: | ||
| 主题词: | 伦理学 | |
| 电子资源: | ||
| ISBN: | 7-208-03085-5 | |
| 000 | 00582nam0 2200193 45 | |
| 001 | 0011111594 | |
| 005 | 20001111150640.6 | |
| 010 | @a7-208-03085-5@d16.50元 | |
| 100 | @a20001111d1999 km y0chiy0120 ea | |
| 101 | 0 | @achi |
| 105 | @a z 000yy | |
| 200 | 1 | @a神性与人性:上帝观的早期演进@AShen Xing Yu Ren Xing:Shang Di Guan De Zao Qi Yan Jin@f翁绍军著@FWeng Shao Jun Zhu |
| 210 | @a上海@c上海人民出版社@d1999.04 | |
| 215 | @a334页@d32开 | |
| 606 | 0 | @a伦理学 |
| 690 | @aB82-061@v3 | |
| 701 | 0 | @a翁绍军@4著 |
| 801 | @aCN@bPftUser@c20001111 | |
| 905 | @b401699-700@dB82-061@eW357@f2 | |
| 神性与人性:上帝观的早期演进/翁绍军著.-上海:上海人民出版社,1999.04 |
| 334页;32开 |
| ISBN 7-208-03085-5:16.50元 |
| ● |
| 相关链接 |
|
|
|
正题名:神性与人性:上帝观的早期演进
索取号:B82-061/W357
 
预约/预借
| 序号 | 登录号 | 条形码 | 馆藏地/架位号 | 状态 | 备注 |
| 1 | 401699 | 204016992 | 社科库509/509社科库 21排2列4层/ [索取号:B82-061/W357] | 在馆 | |
| 2 | 401700 | 204017009 | 社科库509/509社科库 21排2列4层/ [索取号:B82-061/W357] | 在馆 |